Making live training lively : (Record no. 2147)

MARC details
000 -LEADER
fixed length control field 00744cam a2200181 a 4500
020 ## - INTERNATIONAL STANDARD BOOK NUMBER
ISBN 1560526963
050 00 - CALL NUMBER
Classification number HF5549.5.T7
Item number M595 2003
100 1# - AUTHOR
Personal name Molberg, Andrea.
245 10 - TITLE
Title Making live training lively :
Remainder of title 50 tips for engaging your audience /
Statement of responsibility, etc Andrea Molberg.
260 ## - PUBLICATION INFORMATION
Place of publication Boston, Mass. :
Name of publisher Course Technology,
Year of publication 2003.
300 ## - DESCRIPTION
Number of Pages x, 102 p. :
Other physical details ill. ;
Dimensions 26 cm.
440 #0 - SERIES
SERIES Fifty-Minute series
500 ## - NOTES
General note Ills.
505 ## - FORMATTED CONTENTS NOTE
Table of Content PART<br/>1. Start off on the right foot<br/>2. Rev up participants with your delivery style<br/>3. Promote interactive learning<br/>4. Facilitate achievement through your leadership<br/>5. Demonstrate respect for participants
650 #0 - SUBJECTS
Topical Term Employees
General subdivision Training of.
650 #0 - SUBJECTS
Topical Term Speech
General subdivision Study and teaching.
942 ## - ADDED ENTRY ELEMENTS (KOHA)
Koha item type Books
Holdings
Withdrawn status Lost status Collection code Home library Current library Shelving location Date acquired Full call number Accession Number Koha item type
    Reference Methodist University Library Main Methodist University Library Main General Stacks 02/02/2018 HF5549.5.T7 M595 2003 31994 Books
Copyright © 2026  MUG Library